00367pab a2200133 454500008004000000100001800040245009000058260000900148300001200157362001200169650002200181700001700203773001300220180718b2013 xxu||||| |||| 00| 0 eng d aSoni, Bindiya aAn empirical study of post investment involvement by Indian Venture Capitalists (VCS) c2013 ap.1-14. aJul-Sep aFinancial markets aPriyan, P.K. aAbhigyan